01362nam a22002177a 45000010005000000030006000050050017000110080041000280200018000690400029000870500011001160820010001271000032001372450078001692500022002472600030002693000022002995200785003216500020011066500018011264706FISKH20240923135016.0240923b cb ||||| |||| 00| 0 eng d a9780141439587 aFISKHbengcFISKHdFISKH aPR4034 2823.7 aAusten, Janed(1775–1817) aEmma /cJane Austen Edit with an Introduction and Notes by Fiona Stafford aPublished in 1996 aLondon :bPenguin,c1996. a474 pages :c20cm aEmma is a literary classic by Jane Austen following the genteel women of Georgian-Regency England in their most cherished sport: matchmaking. Emma is spoiled, headstrong, and self-satisfied. After a couple she has introduced gets married, she greatly overestimates her own matchmaking abilities and, blind to the dangers of meddling in other people's lives, proceeds to forge ahead in her new interest despite objections. What follows is a comedy of manners, in which Emma repeatedly counsels her friends for or against their marriage prospects, absent any notice of their true emotions or desires. This story is often cited as a personal favorite of critics and literary historians, and Emma is set apart from other Austen heroines by her seeming immunity to romantic attraction. 2NovelaClassics 2RomanceaLove